Ligne de Paris Montparnasse à Brest - Statistiques

Statistiques générales
  • Ce quiz a été pris 87 fois
  • Le résultat moyen est 23 sur 90
Statistiques - réponses
Services PK Gare % Correct
TGV inOui, OUIGO, TER, Transilien N, M4, M6, M12, M13 0,450 Paris Montparnasse
91%
TGV inOui, OUIGO, TER 373,250 Rennes
91%
TGV inOui, OUIGO, TER 622,422 Brest
89%
TGV inOui, OUIGO, TER 474,570 Saint-Brieuc
84%
TGV inOui, OUIGO, TER 210,980 Le Mans
77%
TGV inOui, OUIGO, TER 562,761 Morlaix
75%
TGV inOui, OUIGO, TER 300,121 Laval
73%
TGV inOui, OUIGO, TER 504,745 Guingamp
72%
OUIGO, TER 87,137 Chartres
67%
TGV inOui, TER 603,559 Landerneau
63%
TGV inOui, TER 454,259 Lamballe
58%
TER 589,096 Landivisiau
52%
TER, Transilien N 47,810 Rambouillet
45%
TGV inOui, TER 335,886 Vitré
45%
Transilien N 5,147 Clamart
39%
OUIGO, TER, Transilien N et U, RER C 16,562 Versailles Chantiers
39%
TGV inOui, TER 530,923 Plouaret-Trégor
38%
Transilien N 7,550 Meudon
36%
TER 148,113 Nogent-le-Rotrou
31%
Transilien N et U, RER C 21,448 Saint-Cyr
31%
Transilien N et U 27,085 Trappes
31%
Transilien N 3,665 Vanves-Malakoff
31%
Transilien N 12,457 Chaville Rive Gauche
30%
Transilien N et U, RER C 23,989 Saint-Quentin-en-Yvelines
30%
Transilien N et U 32,209 La Verrière
28%
Transilien N 8,475 Bellevue
27%
TER 352,558 Châteaubourg
27%
Transilien N, RER C, T6 13,880 Viroflay Rive Gauche
27%
Transilien N 41,846 Le Perray
25%
Transilien N 37,679 Les Essarts-le-Roi
25%
TER 68,066 Maintenon
25%
Transilien N 9,633 Sèvres Rive Gauche
25%
Transilien N 34,319 Coignières
23%
TER 60,264 Épernon
23%
TER 169,025 La Ferté-Bernard
23%
TER 608,433 La Forest
23%
TER 464,954 Yffiniac
22%
TER 367,931 Cesson-Sévigné
20%
TER 52,734 Gazeran
20%
TER 614,966 Kerhuon
20%
TER 405,542 Montauban-de-Bretagne
20%
TER 395,467 Montfort-sur-Meu
20%
TER 410,579 La Brohinière
19%
TER 598,957 La Roche-Maurice
19%
TER 269,365 Évron
17%
TER 553,412 Plouigneau
17%
TER 577,355 Saint-Thégonnec
17%
TER 391,380 Breteil
16%
TER 199,637 Champagné
16%
TER 186,739 Connerré - Beillé
16%
TER 345,837 Les Lacs
16%
TER 246,454 Sillé-le-Guillaume
16%
TER 427,814 Broons
14%
TER 419,488 Caulnes
14%
TER 581,703 Guimiliau
14%
TER 77,264 Jouy
14%
TER 123,571 La Loupe
14%
TER 362,166 Noyal - Acigné
14%
TER 571,844 Pleyber-Christ
14%
TER 539,121 Plounérin
14%
TER 321,492 Saint-Pierre-la-Cour
14%
TER 519,837 Belle-Isle - Bégard
13%
TER 309,982 Le Genest
13%
TER 213 Le Mans-Hôpital-Université
13%
TER 275,542 Neau
13%
TER 438,145 Plénée-Jugon
13%
TER 317,092 Port-Brillet
13%
TER 415,376 Quédillac
13%
TER 357,316 Servon
13%
TER 134,268 Bretoncelles
11%
TER 234,739 Conlie
11%
TER 105,895 Courville-sur-Eure
11%
TER 481,158 La Méaugon
11%
TER 385,104 L'Hermitage - Mordelles
11%
TER 193,888 Montfort-le-Gesnois
11%
TER 281,443 Montsûrs
11%
TER 446,957 Plestan
11%
TER 197,212 Saint-Mars-la-Brière
11%
TER 72,847 Saint-Piat
11%
TER 259,973 Voutré
11%
TER 94,218 Amilly-Ouerray
9%
TER 491,852 Châtelaudren - Plouagat
9%
TER 140,920 Condé-sur-Huisne
9%
TER 81,527 La Villette-Saint-Prest
9%
TER 158,974 Le Theil - La Rouge
9%
TER 485,000 Plouvara - Plerneuf
9%
TER 113,420 Pontgouin
9%
TER 98,581 Saint-Aubin - Saint-Luperce
9%
TER 178,130 Sceaux - Boëssé
9%
TER 231,174 Domfront (Sarthe)
2%
Aucun quiz correspondant
Distribution des résultats
% des personnes avec chaque résultat
Percentile par nombre de réponses
Votre historique - résultats
Vous n’avez pas pris ce quiz